00833nam a2200253Ia 4500003000900000008004100009020001800050040001600068080001600084245010200100260004300202300001500245650001600260650002000276650003200296650002500328650001700353700003200370700003200402700002800434942000700462999001700469952009300486IN-BaIIA211028s9999 xx 000 0 eng d a3-9804862-3-0 cIIA Library a523.31bTHE 4aThe Outer heliospherebbeyond the planetscedited by K. Scherer, Horst Fichtner and Eckart Marsch aGermanybCopernicus Gesellschaftc2000 axii, 436p. aCosmic rays aDetectors99465 aInterplanetary space926138 aNeutral atoms926139 aSolar system aFichtner, Horst, ed.926140 aMarsch, Eckart., ed.926141 aScherer, K., ed.926142 cBK c14652d14652 00104070aBANbBANcGENd2002-05-31l0o523.31/ THEp15574r2021-11-05w2002-05-31yBK